000 00812nam a2200253 a 4500
001 897167
003 OSt
005 20230607134027.0
008 811024s1980 ke b b 000 0 eng
010 _a 80980545
040 _aDLC
_cDLC
_dDLC
043 _af-ke---
050 0 0 _aDT433.575
_b.B63
082 0 0 _a967.6/203
_219
_bBOG
100 1 _aBogonko, Sorobea N.
_q(Sorobea Nyachieo)
245 1 0 _aKenya 1945-1963 :
_ba study in African national movements /
_cSorobea N. Bogonko.
260 _aNairobi :
_bKenya Literature Bureau,
_c1980.
300 _axiii, 302 p. :
_bmaps ;
_c22 cm.
504 _aBibliography: p. [281]-289.
650 0 _aNational liberation movements
_zKenya.
651 0 _aKenya
_xPolitics and government
_yTo 1963.
906 _a7
_bcbc
_corignew
_d4
_encip
_f19
_gy-gencatlg
942 _2ddc
_cBK
999 _c812
_d812